Master Your Focus (Record no. 369898)

MARC details
000 -LEADER
fixed length control field 00435nam a2200169 4500
005 - DATE AND TIME OF LATEST TRANSACTION
control field 20260116164228.0
008 - FIXED-LENGTH DATA ELEMENTS--GENERAL INFORMATION
fixed length control field 260116b |||||||| |||| 00| 0 eng d
020 ## - INTERNATIONAL STANDARD BOOK NUMBER
International Standard Book Number 978-81-8328-612-1
041 ## - LANGUAGE CODE
Language code of text/sound track or separate title English
082 ## - DEWEY DECIMAL CLASSIFICATION NUMBER
Classification number X 158.1 MEU
Item number B12174
100 ## - MAIN ENTRY--PERSONAL NAME
Author Meurisse, Thibaut
245 ## - TITLE STATEMENT
Title Master Your Focus
260 ## - PUBLICATION, DISTRIBUTION, ETC.
Place of publication, distribution, etc. New Delhi
Name of publisher, distributor, etc. Wisdom Tree
Date of publication, distribution, etc. 2023
300 ## - PHYSICAL DESCRIPTION
Extent xiv,175p
Other physical details pb
365 ## - TRADE PRICE
Price type code Rupaye
Price amount 288
Currency code INR
942 ## - ADDED ENTRY ELEMENTS (KOHA)
Koha item type Books
Holdings
Withdrawn status Lost status Source of classification or shelving scheme Damaged status Not for loan Collection code Home library Current library Date acquired Vendor Net Price Bill number Total Checkouts Full call number Barcode Date last seen Discount Actual Price Bill Date Koha item type Original Barcode
    Dewey Decimal Classification     Non-fiction Smt. Bakul Tambat Institute of Nursing Education Smt. Bakul Tambat Institute of Nursing Education 30/12/2025 Amazon(online) 171-8166755-5088351 273.60 HYD8-7361464   X 158.1 MEU B12174 BTIN-BK-12174 16/01/2026 14.40 288.00 18/12/2025 Books BTIN-BK-12174